000 00470nam a2200193 a 4500
001 1757999702749
003 ACL
005 20250916105537.0
008 250916s1999##################000#0#eng##
020 _a9780571201082
082 0 4 _a791.4372
_bNOR
100 1 _aNorman, Marc,
_eauthor.
245 1 0 _aShakespeare in Love :
260 _bGardners Books,
_c1999.
300 _a169 pages
650 0 _aPerforming Arts.
942 _cENGLISH
040 _aACL
_beng
_cACL
999 _c587280
_d587280